Female Pop Singers in Best Picture Nominees - Statistics

General Stats
  • This quiz has been taken 121 times
  • The average score is 10 of 16
Answer Stats
Question Answer % Correct
Lady Gaga Yes
90%
Ariana Grande Yes
85%
Fergie No
81%
Miley Cyrus No
80%
Cher Yes
80%
Bjork No
74%
Selena Gomez Yes
71%
Janelle Monae Yes
70%
Celine Dion No
68%
Mariah Carey Yes
63%
Madonna No
54%
Diana Ross No
52%
Dua Lipa Yes
43%
Beyonce No
42%
Jennifer Hudson No
32%
Gwen Stefani Yes
24%
No matching quizzes found
Score Distribution
Percent of People with Each Score
Percentile by Number Answered
Your Score History
You have not taken this quiz